1932 1104 1838 1937 1237 1122 1182 1192 1420 1869 1676 1102 1569 1647 1358 1514 1754 1907 1113 1725 1892 1365 1141 1358 1513 1783 1753 1803 1741 1730 1450 1389 1862 1794 1138 1326 1366 1104 1248 1068 1688 1951 1736 1762 1202 1576 1736 1857 1260 1572 1169 1428 1590 1043 1995 1600 1963 1122 1303 1173 1376 1158 1714 1708 1665 1373 1178 1370 1334 1607 1525 1010 1758 1184 1017 1567 1107 1505 1741 1795 1493 1241 1969 1439 1025 1631 1254 1038 1774 1073 1581 1184 1367 1509 1902 1515 1472 1065 1367 BCNSPRNW ULIB Ver.6.0+V

เปลี่ยนเป็นภาษาไทย

Change to English
 แสดงรายละเอียดบรรณานุกรม
  กลับหน้าหลัก

Brief Record : Get Marc (ISO 2709) : E-mail record : QR code < ปิดหน้าต่าง
LEADER : 00000nam 2200000uu 4500
001    13399110700
003     ULIB
008    110607s2544||||th 000 0 tha d
020    9747150212
060 04 WS100^bส532 2544
100 0  สังคม จงพิพัฒน์วณิชย์
245 10 คู่มือหมอเด็กประจำบ้าน /^cสังคม จงพิพัฒน์วริชย์
250    พิมพ์ครั้งที่ 2
260    กรุงเทพฯ :^bแปลน พับลิชชิ่ง,^c2544
300    224 หน้า :^bภาพประกอบ ;^c21 ซม.
650  7 การดูแลสุขภาพด้วยตนเอง^vคู่มือ
650  7 ปฐมพยาบาล^vคู่มือ
650  7 การใช้ยารักษาตนเอง
650  7 เด็ก, การดูแล^vคู่มือ
650  7 โรค^xในวัยทารกและวัยเด็ก
650  7 เด็ก, การบริบาลและสุขวิทยา^vคู่มือ
945    ^p125^l0^i015425
995    ทศพร
999 ^a ใช้งานได้ทุกระบบ
รายการนี้ยังไม่มีแท็ก
คุณยังไม่ได้ล็อกอิน คุณสามารถมีกิจกรรมร่วมกับเว็บไซต์ได้ แต่ต้องล็อกอินก่อน ::
  ล็อกอิน

รายการสื่อสารสนเทศ

ลำดับที่ ประเภท เลขเรียก/บาร์โค้ด สถานที่ สถานะ
- ไม่พบข้อมูล -

รายการใกล้เคียง
    หัวเรื่อง [การใช้ยารักษาตนเอง]
    หัวเรื่อง [โรค ในวัยทารกและวัยเด็ก]

BibComment


ยังไม่เคยถูกคอมเมนท์

คอมเมนท์ทรัพยากรรายการนี้
  คอมเมนท์: คู่มือหมอเด็กประจ..


 Copyright 2026. Bcnsprnw @Library